| 000 | 00514nam a2200217 a 4500 | ||
|---|---|---|---|
| 999 |
_c5047 _d5047 |
||
| 001 | 5047 | ||
| 003 | BD-JhCC | ||
| 005 | 20171213093535.0 | ||
| 008 | 171207s1983 ||||| |||| 00| 0 eng d | ||
| 035 | _a(BD-JhCC)5047 | ||
| 040 |
_aBD-JhCC _dBD-JhCC |
||
| 041 | _aeng | ||
| 082 |
_a058 _b1983. |
||
| 100 | _aIndosuez, Banque | ||
| 245 |
_aAsia 1983 Yearbook / _cBanque Indosuez, |
||
| 260 | _c1983. | ||
| 300 |
_a150 p. : _c27 cm. |
||
| 650 |
_aEconomic _xYearbook _zAsia |
||
| 942 |
_2ddc _cBK |
||